000 00423nam a2200181Ia 4500
001 19913
005 20260306172727.0
008 260306t2008||||xx |||||||||||||| ||spa||
041 _aESP
082 _a341.4
_bI61 2008 V.1
100 _aOrtega, Santiago
_eAUT
245 0 _aInterpretación y razonamiento jurídico
260 _c2008
300 _a
_c
650 _aGEN
654 _aCDE
942 _cLIB
_dJUS
_fJUS
_2ddc
_n
999 _c19913
_d19913